Full Tracklist - Man on the Moon: The End of the Day - Statistics

General Stats
  • This quiz has been taken 5 times
  • The average score is 11 of 18
Answer Stats
Hint Answer % Correct
9 Enter Galactic
100%
16 Man on the Moon
100%
13(ft. Ratatat & MGMT) Pursuit of Happiness
100%
10(ft. Ratatat) Alive
75%
5 Heart of a Lion
75%
1 In My Dreams
75%
12(ft. Kanye West & Common) Make Her Say
75%
15 Up Up and Away
75%
11 Cudi Zone
50%
7 Day n Nite
50%
14(ft. Chip tha Ripper) Hyyerr
50%
6(ft. Billy Craven) My World
50%
3 Simple As
50%
8 Sky Might Fall
50%
2 Soundtrack 2 My Life
50%
18(ft. Wale) Is There Any Love
25%
4 Solo Dolo
25%
17 T.G.I.F
25%
No matching quizzes found
Score Distribution
Percent of People with Each Score
Percentile by Number Answered
Your Score History
You have not taken this quiz